|
|
|
|
| LEADER |
00000nam0a2200000 4500 |
| 001 |
253832 |
| 005 |
20231101232859.0 |
| 010 |
|
|
|a 5120009611
|
| 020 |
|
|
|a RU
|b 89-44954
|
| 035 |
|
|
|a (RuTPU)RU\TPU\book\276247
|
| 090 |
|
|
|a 253832
|
| 100 |
|
|
|a 20140317d1989 k y0rusy5003 ca
|
| 101 |
0 |
|
|a rus
|
| 102 |
|
|
|a UA
|
| 105 |
|
|
|a y z 001zy
|
| 200 |
1 |
|
|a Производительность труда в промышленности
|f А. И. Фрыдынский [и др.]
|g Академия наук Украинской ССР (АН УССР), Институт экономики (ИЭ) ; под ред. А. Н. Золотарева
|
| 210 |
|
|
|a Киев
|c Наукова думка
|d 1989
|
| 215 |
|
|
|a 152 с.
|
| 606 |
1 |
|
|a Труд на предприятиях
|2 stltpush
|3 (RuTPU)RU\TPU\subj\61965
|9 79126
|
| 610 |
1 |
|
|a промышленность
|
| 610 |
1 |
|
|a производительность труда
|
| 610 |
1 |
|
|a теоретические основы
|
| 610 |
1 |
|
|a классификация
|
| 610 |
1 |
|
|a научно-технический прогресс
|
| 610 |
1 |
|
|a организационные факторы
|
| 610 |
1 |
|
|a творческая активность
|
| 610 |
1 |
|
|a планирование
|
| 610 |
1 |
|
|a стимулирование
|
| 675 |
|
|
|a 658.387
|z rus
|v 3
|
| 701 |
|
1 |
|a Фрыдынский
|b А. И.
|g Александр Игнатьевич
|
| 701 |
|
1 |
|a Григорян
|b Г. М.
|g Григор Маргарович
|
| 701 |
|
1 |
|a Суворова
|b И. П.
|g Инна Петровна
|
| 701 |
|
1 |
|a Олейник
|b А. Д.
|
| 702 |
|
1 |
|a Золотарев
|b А. Н.
|g Анатолий Николаевич
|4 340
|
| 712 |
0 |
2 |
|a Академия наук Украинской ССР (АН УССР)
|b Институт экономики (ИЭ)
|2 stltpush
|3 (RuTPU)RU\TPU\col\11343
|
| 801 |
|
0 |
|a RU
|b RuMRKP
|c 19960704
|g psbo
|
| 801 |
|
1 |
|a RU
|b 63413507
|c 20140317
|
| 801 |
|
2 |
|a RU
|b 63413507
|c 20140429
|g RCR
|
| 942 |
|
|
|c BK
|